000 00510nam a22001577a 4500
003 macl
005 20200218115835.0
008 200218b xxu||||| |||| 00| 0 eng d
040 _cmacl
082 _a800
100 _aशर्मा ,राकेश
_974753
245 _aवार्ता का विवे‍क
260 _aदिल्‍ली
_bभावना प्रकाशन
_c2018
650 _aसाक्षात्‍कार (साहित्‍य)
_978290
942 _2ddc
_cHIN
999 _c62132
_d62132